Tratado de fotografía.

Shranjeno v:
Bibliografske podrobnosti
Glavni avtor: Langford, Michael (autor)
Format: Knjiga
Izdano: Barcelona, España: Ediciones Omega, 1999.
Izdaja:Sexta edición.
Teme:
Oznake: Označite
Brez oznak, prvi označite!

MARC

LEADER 00000nam a22000007a 4500
003 CL-VaPUC
005 20250407202444.0
008 250312t1996 ||||| |||| 00| 0 eng d
999 |c 447290  |d 447288 
020 |a 84-282-1179-5 
040 |c Pontificia Universidad Católica de Valparaíso 
082 7 |a 771 LAN 1999  |2 22 
100 |9 895699  |a Langford, Michael   |e autor 
245 |a Tratado de fotografía. 
250 |a Sexta edición.  
260 |a Barcelona, España:  |b Ediciones Omega,  |c 1999. 
300 |a ix, 326 páginas:  |b ilustraciones, fotografías. 
500 |a c.1. Instituto Arcos.08-01-2025. 
583 |c 20250310  |k GC 
650 0 |9 895700  |a Fotografía   |x Técnicas  
650 0 |9 268495  |a Fotografía  |x Equipos y accesorios 
942 |2 ddc  |c BK  |n 0 
952 |0 0  |1 0  |2 ddc  |4 0  |6 771_000000000000000_LAN_1999  |7 0  |8 A  |9 601119  |a BIBINC  |b BIBINC  |d 2025-03-12  |e Instituto Arcos   |i 5665995  |o 771 LAN 1999  |p 5665995  |r 2025-03-12  |t 1  |w 2025-03-12  |y BK  |k IFP